Učebná pomôcka pre odborný výcvik učňov odboru 1504-3 predavač priemyselného tovaru, sortiment obuv a kožená galantéria 2. ročník

Bibliographic Details
Main Author: Duchoslavová, Júlia (Author)
Format: Book
Language:Slovak
PhysicalDescription:60 s. 21 cm
Published: Partizánske Obuv - Partizánske 1970
Subjects:

MARC

LEADER 00000cam a2200000 a 4500
001 vtls011627176
003 SK-MaSNL
005 20260301093827.0
008 250312s1970 xo f p 000 0 slo
015 |a SNBA2017 
020 |q (viazané) 
035 |a A310E289-3289-4FE7-B29A-2EFE5CF7627B 
035 |a urn:nbn:sk:snk-amycs2 
035 |a urn:nbn:sk:snk-am00chjc 
040 |a SNK  |b slo  |c SNK  |e AACR2 
041 0 |a slo 
044 |a xo  |c SK 
072 7 |a 377  |x Odborné vzdelávanie  |2 konspekt 
080 |a 377.214.112  |2 2011 
080 |a 646.46  |2 2011 
080 |a (075)  |2 2011 
100 1 |a Duchoslavová, Júlia  |4 aut  |9 426746 
245 1 0 |a Učebná pomôcka pre odborný výcvik učňov  |n 2. ročník  |b odboru 1504-3 predavač priemyselného tovaru, sortiment obuv a kožená galantéria  |c Spracovala: Júlia Duchoslavová 
260 |a Partizánske  |b Obuv - Partizánske  |c 1970 
300 |a 60 s.  |c 21 cm 
650 0 7 |a učebné odbory  |2 SNKPH  |9 72863 
650 0 7 |a obuv  |2 SNKPH  |9 16847 
650 0 7 |a Courses of studies in vocational education  |2 SNKPHeng  |9 391357 
650 0 7 |a Shoes  |2 SNKPHeng  |9 331926 
655 7 |a učebnice  |2 SNKPH  |9 22521 
655 7 |a Textbooks  |2 SNKPHeng  |9 276731 
852 |a Slovenská národná knižnica 
958 |a OND 
999 |c 678294  |d 680224 
952 |a SNK  |b SNK  |y PREZ  |7 0  |p 17A0808586  |o snkSB 16188  |i snkKSP 5636/70  |0 0  |1 0  |4 0  |d 2017-05-04  |f 1  |l 0  |r 2026-02-23 19:48:25  |w 2026-02-23